Catálogo

FARMACOS EN ENFERMERIA (Registro nro. 11010)

Detalles MARC
000 -LEADER
fixed length control field 00472nam a2200181 a 4500
001 - CONTROL NUMBER
control field 11010
005 - DATE AND TIME OF LATEST TRANSACTION
control field 20230414123551.0
008 - FIXED-LENGTH DATA ELEMENTS--GENERAL INFORMATION
fixed length control field 140415s1988 mx 000 0 spa d
041 ## - LANGUAGE CODE
Language code of text/sound track or separate title spa
082 ## - DEWEY DECIMAL CLASSIFICATION NUMBER
Classification number 615.58
Item number HAV
100 1# - MAIN ENTRY--PERSONAL NAME
Personal name HAVARD, MARGARET
245 10 - TITLE STATEMENT
Title FARMACOS EN ENFERMERIA
250 ## - EDITION STATEMENT
Edition statement 1a ed.
260 ## - PUBLICATION, DISTRIBUTION, ETC.
Place of publication, distribution, etc. MEXICO :
Name of publisher, distributor, etc. EL MANUAL MODERNO,
Date of publication, distribution, etc. 1988
300 ## - PHYSICAL DESCRIPTION
Extent 360
650 14 - SUBJECT ADDED ENTRY--TOPICAL TERM
Topical term or geographic name entry element FARMACOLOGIA
General subdivision MEDICAMENTOS
-- DOSIFICACION
700 1# - ADDED ENTRY--PERSONAL NAME
Personal name SAPIÑA RENARD, SANTIAGO
Relator term tr.
Existencias
Withdrawn status Lost status Source of classification or shelving scheme Damaged status Not for loan Collection code Home library Current library Shelving location Date acquired Source of acquisition Inventory number Total Checkouts Total Renewals Full call number Barcode Date last seen Date last checked out Price effective from Koha item type
    Dewey Decimal Classification     General Biblioteca Karol Wojtyla Biblioteca Karol Wojtyla Sala general 03/12/2013 Compra 151000000000000000005822 9 2 615.58 HAV 26322 05/01/2026 17/04/2024 03/12/2013 Libro